000 00565nam a22001811c 4500
001 a987663841
008 090529s2009 gw |||| 000u rus d
041 _arus
245 0 0 _aNacional'naja identetičnost' ́Rossii i demografičeskij krisis :
_bmaterialy Tret'ej Vserossijskoj naučnoj konferencii (Kazan', 13-14 nojabrja 2008 g.)
264 _aMoskva :
_bNaučnyj ekspert,
_c2009
300 _a840 S.
650 0 _aDemographie
650 0 _aFamilie
700 1 _aSulaškin, S. S.
_eHerausgeberIn
942 _cMG
040 _cRU-10907106
003 RU-10907106
999 _c18082
_d18082